Caricamento...

Handbook of animal Husbandry

Dettagli Bibliografici
Autore principale: ICAR
Lingua:Undetermined
Pubblicazione: ICAR 2002
New Delhi
LEADER 00542nam a2200217Ia 4500
008 141122s9999 xx 000 0 und d
040 |c . 
041 |a English 
082 |a BB 
082 |b 536 
100 |a  ICAR 
245 |a Handbook of animal Husbandry 
245 |c  ICAR 
260 |b ICAR 
260 |b New Delhi 
260 |c 2002 
300 |a 1234 Pages 
500 |a BB 
942 |c BB 
999 |c 7497  |d 7497 
952 |0 0  |1 0  |4 0  |6 BB_000000000000000_536  |7 0  |9 7455  |a COVAS  |b COVAS  |d 0000-00-00  |o BB 536  |p BB536   |r 2014-11-26  |w 2014-11-26  |y BB